000 00499nam a2200169Ia 4500
003 OSt
005 20200610135952.0
008 190216s9999||||xx |||||||||||||| ||und||
020 _a9788188629503
040 _coclc
082 _a294.3
_bMIT/A
100 _aMittal, P
_92740
245 0 _aArchaeological And Epigraphical Sources In Buddhism /
_cP Mittal ; Geeta Dua
260 _bOriginals,
_c2008.
_aDelhi:
300 _a270p
942 _cBK
_2ddc
_h294.3
_iMIT/A
_k294.3
_mMIT/A
999 _c21409
_d21409